| 000 | 00609nam a2200217Ia 4500 | ||
|---|---|---|---|
| 005 | 20260429112111.0 | ||
| 008 | 260429s9999||||xx |||||||||||||| ||und|| | ||
| 020 | _a9781032565118 | ||
| 041 | _aEnglish | ||
| 082 |
_a671.52 _bVAS |
||
| 100 | _aVashishtha, Himanshu | ||
| 245 | 0 |
_aAdvanced welding techniques : _bcurrent trends and future perspectives / _cHimanshu Vashishtha |
|
| 250 | _a1st ed. | ||
| 260 |
_aBoca Raton : _bCRC Press, _c2025. |
||
| 300 | _ax, 240 p.; hb | ||
| 650 | _a Techniques | ||
| 650 | _aWelding | ||
| 700 | _a deepak Kumar | ||
| 700 | _a Taiwade, Ravindra V. | ||
| 942 | _cTB | ||
| 999 |
_c52352 _d52352 |
||